Pays champion du monde de : Pétanque - Statistiques

Statistiques générales
  • Ce quiz a été pris 632 fois
  • Le résultat moyen est 8 sur 13
Statistiques - réponses
Médaille d'or Réponse % Correct
57 France
100%
5 Italie
93%
10 Espagne
92%
8 Belgique
78%
4 Maroc
69%
5 Suisse
68%
1 Algérie
62%
6 Tunisie
60%
8 Madagascar
52%
20 Thailande
51%
1 Monaco
42%
7 Cambodge
26%
1 Danemark
25%
Aucun quiz correspondant
Distribution des résultats
% des personnes avec chaque résultat
Percentile par nombre de réponses
Votre historique - résultats
Vous n’avez pas pris ce quiz